000 00314nam a22001337a 4500
008 190404e1997 ag ||||| |||| 00| 0 spa d
100 1 _aBlanco, Antonio
_9148
245 1 _aQuimica biologica
250 _a6a ed.
260 _aBuenos Aires
_bEl Ateneo
_c1997
300 _a250 p.
500 _3Baja
942 _2ddc
_cBK
999 _c2894
_d2894